Concept of Hindu Nation (Record no. 12084)

MARC details
000 -LEADER
fixed length control field 00642nam a2200253 a 4500
020 ## - INTERNATIONAL STANDARD BOOK NUMBER
ISBN 8185990
082 00 - DEWEY DECIMAL CLASSIFICATION NUMBER
Classification number 324.245408
Author Cutter CHA
100 ## - MAIN ENTRY--AUTHOR NAME
Author name Chatterjee, Abhas
245 ## - TITLE STATEMENT
Title Concept of Hindu Nation
260 ## - PUBLICATION, DISTRIBUTION, ETC. (IMPRINT)
Place of publication New Delhi
Name of publisher Voice of India
Year of publication 1995
300 ## - PHYSICAL DESCRIPTION
Number of Pages 69p
500 ## - GENERAL NOTE
General note includes index and biblioraphy
505 2# - FORMATTED CONTENTS NOTE
Formatted contents note End Noted, Index
650 ## - SUBJECT ADDED ENTRY--TOPICAL TERM
Topical Term Religious Fundamentalism-Hindu
650 ## - SUBJECT ADDED ENTRY--TOPICAL TERM
Topical Term Hindutva
942 ## - ADDED ENTRY ELEMENTS (KOHA)
Koha item type Books
700 1# -
-- Chatterjee, Abhas
Holdings
Collection code Home library Current library Date acquired Cost, normal purchase price Full call number Accession Number Koha item type
  Henry Martyn Institute Library Henry Martyn Institute Library 07/05/2013 20.00 324.245408 CHA 017834 Books
                   Copyright © 2026 | Henry Martyn Institute | Hyderabad | TS-500052 | INDIA | Implemented by hmi.edu.in
Hit-Count:

Powered by Koha